000 00774nam a22001337a 4500
040 _cRUA
082 _aAGR CHH 2009 BO43 Or.1
100 _aCHHON, SOPHEAK
245 _aEffect of different rates of botanical pesticide on chinese cabbage at royal university of agriculture ឥទ្ធិពលនៃកំរិតខុសគ្នារបស់ថ្នាំពុលផ្សំពីរុក្ខជាតិលើដំណាំស្ពៃក្រញាញ់ ក្នុងលក្ខខណ្ឌសាកលវិទ្យាល័យភូិន្ធកសិកម្ម.
260 _aphnom phen
_bRUA
_c2009
300 _aX,48Pp.
_bill.
_c29cm.
856 _uhttps://drive.google.com/file/d/1WKCy5z_qui_ixbJ9clweHNCShoyLcm3q/view?usp=sharing
942 _cAGR
999 _c1178
_d1178